[Event "DEM U14w 2024"]
[Site "Willingen GER"]
[Date "2024.05.25"]
[Round "9"]
[White "Trunz, Tamila"]
[Black "Chandrasekher, Ritu"]
[Result "1-0"]
[Termination "normal"]
[Board "2"]
[WhiteElo "1988"]
[BlackElo "1633"]
[WhiteClock "00:07:27"]
[BlackClock "00:05:48"]
[PlyCount "63"]
[WhiteFideId "16267885"]
[BlackFideId "34609024"]
[EventCountry "GER"]
[EventRounds "9"]
[EventType "swiss"]
[EventDate "2024.05.18"]

1. e4 {[%clk 01:30:55]} {[%emt 00:00:03]} c6 {[%clk 01:30:49]} {[%emt
00:00:12]} 2. d4 {[%clk 01:31:13]} {[%emt 00:00:12]} d5 {[%clk 01:31:10]}
{[%emt 00:00:09]} 3. e5 {[%clk 01:31:36]} {[%emt 00:00:06]} c5 {[%clk
01:31:28]} {[%emt 00:00:12]} 4. dxc5 {[%clk 01:31:50]} {[%emt 00:00:17]} e6
{[%clk 01:31:44]} {[%emt 00:00:14]} 5. Qg4 {[%clk 01:32:10]} {[%emt 00:00:10]}
Nc6 {[%clk 01:31:45]} {[%emt 00:00:29]} 6. Nf3 {[%clk 01:30:54]} {[%emt
00:01:46]} Qa5+ {[%clk 01:30:28]} {[%emt 00:01:46]} 7. c3 {[%clk 01:28:21]}
{[%emt 00:03:02]} Qxc5 {[%clk 01:28:04]} {[%emt 00:02:55]} 8. Be3 {[%clk
01:24:33]} {[%emt 00:04:18]} Qa5 {[%clk 01:24:38]} {[%emt 00:03:55]} 9. Nbd2
{[%clk 01:22:54]} {[%emt 00:02:10]} Qc7 {[%clk 01:21:00]} {[%emt 00:04:08]} 10.
Qg3 {[%clk 01:13:08]} {[%emt 00:10:15]} Nge7 {[%clk 01:14:29]} {[%emt
00:06:52]} 11. Bd3 {[%clk 01:09:02]} {[%emt 00:04:47]} Ng6 {[%clk 01:09:08]}
{[%emt 00:05:50]} 12. Bd4 {[%clk 01:07:14]} {[%emt 00:02:16]} Nxd4 {[%clk
01:02:33]} {[%emt 00:07:07]} 13. cxd4 {[%clk 01:07:31]} {[%emt 00:00:13]} Bb4
{[%clk 01:01:11]} {[%emt 00:01:50]} 14. O-O {[%clk 01:04:17]} {[%emt 00:03:46]}
Qb6 {[%clk 00:57:35]} {[%emt 00:04:06]} 15. Nb3 {[%clk 00:57:11]} {[%emt
00:07:36]} Bd7 {[%clk 00:53:50]} {[%emt 00:04:15]} 16. a4 {[%clk 00:50:32]}
{[%emt 00:07:09]} Be7 {[%clk 00:48:08]} {[%emt 00:06:12]} 17. Nfd2 {[%clk
00:39:56]} {[%emt 00:11:06]} a5 {[%clk 00:44:29]} {[%emt 00:04:09]} 18. Qe3
{[%clk 00:34:58]} {[%emt 00:05:28]} Qb4 {[%clk 00:37:24]} {[%emt 00:07:29]} 19.
f4 {[%clk 00:31:29]} {[%emt 00:04:05]} Bxa4 {[%clk 00:32:11]} {[%emt 00:05:43]}
20. f5 {[%clk 00:27:20]} {[%emt 00:04:41]} Nxe5 {[%clk 00:27:38]} {[%emt
00:05:02]} 21. Qxe5 {[%clk 00:24:40]} {[%emt 00:03:10]} Bf6 {[%clk 00:26:00]}
{[%emt 00:02:08]} 22. Qe3 {[%clk 00:23:31]} {[%emt 00:01:39]} Bxb3 {[%clk
00:25:02]} {[%emt 00:01:28]} 23. Nxb3 {[%clk 00:23:57]} {[%emt 00:00:05]} Qxb3
{[%clk 00:25:17]} {[%emt 00:00:14]} 24. fxe6 {[%clk 00:23:11]} {[%emt
00:01:15]} Qb4 {[%clk 00:22:02]} {[%emt 00:03:45]} 25. exf7+ {[%clk 00:22:14]}
{[%emt 00:01:28]} Kxf7 {[%clk 00:21:48]} {[%emt 00:00:44]} 26. Qe5 {[%clk
00:21:54]} {[%emt 00:00:45]} Rad8 {[%clk 00:18:24]} {[%emt 00:03:55]} 27. Rac1
{[%clk 00:20:29]} {[%emt 00:01:56]} Qe7 {[%clk 00:15:22]} {[%emt 00:03:34]} 28.
Bb5 {[%clk 00:16:28]} {[%emt 00:04:31]} Kg8 {[%clk 00:13:42]} {[%emt 00:02:09]}
29. Qg3 {[%clk 00:10:09]} {[%emt 00:06:51]} Bxd4+ {[%clk 00:12:58]} {[%emt
00:01:13]} 30. Kh1 {[%clk 00:10:34]} {[%emt 00:00:06]} Bxb2 {[%clk 00:07:46]}
{[%emt 00:05:41]} 31. Rce1 {[%clk 00:07:25]} {[%emt 00:03:39]} Qd6 {[%clk
00:05:48]} {[%emt 00:02:13]} 32. Qxd6 {[%clk 00:07:27]} {[%emt 00:00:42]} 1-0

[Event "DEM U14w 2024"]
[Site "Willingen GER"]
[Date "2024.05.25"]
[Round "9"]
[White "Vogt, Luna"]
[Black "Schwarzfischer, Julia"]
[Result "1-0"]
[Termination "normal"]
[Board "4"]
[WhiteElo "1666"]
[BlackElo "1767"]
[WhiteClock "00:02:24"]
[BlackClock "01:35:51"]
[PlyCount "173"]
[WhiteFideId "34607153"]
[BlackFideId "16268105"]
[EventCountry "GER"]
[EventRounds "9"]
[EventType "swiss"]
[EventDate "2024.05.18"]

1. d4 {[%clk 01:30:58]} {[%emt 00:00:02]} f5 {[%clk 01:30:55]} {[%emt
00:00:06]} 2. c4 {[%clk 01:31:03]} {[%emt 00:00:24]} Nf6 {[%clk 01:31:17]}
{[%emt 00:00:08]} 3. Nc3 {[%clk 01:31:19]} {[%emt 00:00:14]} e6 {[%clk
01:31:30]} {[%emt 00:00:17]} 4. Nf3 {[%clk 01:28:48]} {[%emt 00:03:00]} c6
{[%clk 01:30:35]} {[%emt 00:01:25]} 5. Qc2 {[%clk 01:24:16]} {[%emt 00:05:02]}
d5 {[%clk 01:30:50]} {[%emt 00:00:15]} 6. Ne5 {[%clk 01:13:21]} {[%emt
00:11:25]} Bd6 {[%clk 01:30:48]} {[%emt 00:00:33]} 7. h4 {[%clk 01:11:10]}
{[%emt 00:02:40]} Nbd7 {[%clk 01:29:43]} {[%emt 00:01:35]} 8. cxd5 {[%clk
01:08:24]} {[%emt 00:03:17]} exd5 {[%clk 01:20:45]} {[%emt 00:09:29]} 9. Nd3
{[%clk 01:07:54]} {[%emt 00:00:59]} Ne4 {[%clk 01:20:18]} {[%emt 00:00:57]} 10.
Bf4 {[%clk 01:05:40]} {[%emt 00:02:44]} Bxf4 {[%clk 01:19:47]} {[%emt
00:01:01]} 11. Nxf4 {[%clk 01:06:02]} {[%emt 00:00:07]} Ndf6 {[%clk 01:20:03]}
{[%emt 00:00:14]} 12. Nxe4 {[%clk 01:03:19]} {[%emt 00:03:13]} Nxe4 {[%clk
01:19:42]} {[%emt 00:00:52]} 13. Qa4 {[%clk 00:57:30]} {[%emt 00:06:18]} Qb6
{[%clk 01:18:48]} {[%emt 00:01:25]} 14. Nd3 {[%clk 00:57:03]} {[%emt 00:00:57]}
Be6 {[%clk 01:18:32]} {[%emt 00:00:45]} 15. e3 {[%clk 00:55:44]} {[%emt
00:01:49]} O-O-O {[%clk 01:18:25]} {[%emt 00:00:38]} 16. O-O-O {[%clk
00:54:46]} {[%emt 00:01:28]} Kb8 {[%clk 01:18:17]} {[%emt 00:00:38]} 17. f3
{[%clk 00:52:20]} {[%emt 00:02:55]} Ng3 {[%clk 01:16:56]} {[%emt 00:01:51]} 18.
Rg1 {[%clk 00:50:59]} {[%emt 00:01:51]} Rhe8 {[%clk 01:16:13]} {[%emt
00:01:14]} 19. Ne5 {[%clk 00:49:16]} {[%emt 00:02:12]} Bc8 {[%clk 01:15:38]}
{[%emt 00:01:05]} 20. Qa3 {[%clk 00:44:38]} {[%emt 00:05:08]} Qc7 {[%clk
01:14:46]} {[%emt 00:01:22]} 21. Kb1 {[%clk 00:43:21]} {[%emt 00:01:48]} Qe7
{[%clk 01:14:03]} {[%emt 00:01:04]} 22. Qxe7 {[%clk 00:38:35]} {[%emt
00:05:25]} Rxe7 {[%clk 01:14:28]} {[%emt 00:00:05]} 23. Bd3 {[%clk 00:36:33]}
{[%emt 00:02:32]} Rd6 {[%clk 01:14:15]} {[%emt 00:00:43]} 24. Rd2 {[%clk
00:27:17]} {[%emt 00:09:46]} Rh6 {[%clk 01:14:24]} {[%emt 00:00:19]} 25. Rf2
{[%clk 00:26:13]} {[%emt 00:01:35]} Rxh4 {[%clk 01:14:10]} {[%emt 00:00:45]}
26. f4 {[%clk 00:25:38]} {[%emt 00:01:04]} Rh6 {[%clk 01:13:58]} {[%emt
00:00:43]} 27. Rf3 {[%clk 00:25:36]} {[%emt 00:00:31]} Ne4 {[%clk 01:14:01]}
{[%emt 00:00:28]} 28. Kc2 {[%clk 00:24:22]} {[%emt 00:01:43]} Rd6 {[%clk
01:13:34]} {[%emt 00:00:56]} 29. Bxe4 {[%clk 00:22:26]} {[%emt 00:02:27]} fxe4
{[%clk 01:13:10]} {[%emt 00:00:54]} 30. Rg3 {[%clk 00:21:38]} {[%emt 00:01:18]}
g6 {[%clk 01:13:17]} {[%emt 00:00:24]} 31. Rh1 {[%clk 00:21:10]} {[%emt
00:00:58]} Bf5 {[%clk 01:13:11]} {[%emt 00:00:36]} 32. Rh6 {[%clk 00:19:36]}
{[%emt 00:02:03]} Kc7 {[%clk 01:13:18]} {[%emt 00:00:23]} 33. Rg5 {[%clk
00:19:23]} {[%emt 00:00:43]} Bd7 {[%clk 01:12:20]} {[%emt 00:01:29]} 34. g4
{[%clk 00:17:05]} {[%emt 00:02:48]} b6 {[%clk 01:10:19]} {[%emt 00:02:31]} 35.
f5 {[%clk 00:15:18]} {[%emt 00:02:16]} Be8 {[%clk 01:07:11]} {[%emt 00:03:38]}
36. fxg6 {[%clk 00:11:39]} {[%emt 00:04:09]} hxg6 {[%clk 01:07:19]} {[%emt
00:00:22]} 37. Rh8 {[%clk 00:10:59]} {[%emt 00:01:10]} Rf6 {[%clk 01:06:58]}
{[%emt 00:00:51]} 38. Rh2 {[%clk 00:05:23]} {[%emt 00:06:06]} Kd6 {[%clk
01:06:50]} {[%emt 00:00:38]} 39. b4 {[%clk 00:04:42]} {[%emt 00:01:11]} c5
{[%clk 01:06:40]} {[%emt 00:00:41]} 40. Kc3 {[%clk 00:02:33]} {[%emt 00:02:39]}
cxb4+ {[%clk 01:06:43]} {[%emt 00:00:26]} 41. Kxb4 {[%clk 00:02:42]} {[%emt
00:00:22]} a5+ {[%clk 01:07:07]} {[%emt 00:00:06]} 42. Kc3 {[%clk 00:01:25]}
{[%emt 00:01:46]} Rc7+ {[%clk 01:07:30]} {[%emt 00:00:08]} 43. Kb2 {[%clk
00:30:00]} {[%emt 00:01:54]} a4 {[%clk 01:37:18]} {[%emt 00:00:43]} 44. a3
{[%clk 00:28:50]} {[%emt 00:01:40]} b5 {[%clk 01:35:58]} {[%emt 00:01:50]} 45.
Re2 {[%clk 00:25:38]} {[%emt 00:03:41]} Rf1 {[%clk 01:33:44]} {[%emt 00:02:44]}
46. Nxg6 {[%clk 00:19:53]} {[%emt 00:06:15]} Rg7 {[%clk 01:33:32]} {[%emt
00:00:42]} 47. Rh2 {[%clk 00:17:32]} {[%emt 00:02:51]} Rxg6 {[%clk 01:33:27]}
{[%emt 00:00:36]} 48. Rxg6+ {[%clk 00:15:32]} {[%emt 00:02:30]} Bxg6 {[%clk
01:33:52]} {[%emt 00:00:05]} 49. Rh6 {[%clk 00:15:50]} {[%emt 00:00:12]} Rf6
{[%clk 01:34:16]} {[%emt 00:00:05]} 50. g5 {[%clk 00:15:25]} {[%emt 00:00:56]}
Re6 {[%clk 01:34:39]} {[%emt 00:00:06]} 51. Kc3 {[%clk 00:15:19]} {[%emt
00:00:36]} Be8 {[%clk 01:34:46]} {[%emt 00:00:23]} 52. Rh8 {[%clk 00:15:03]}
{[%emt 00:00:46]} Bd7 {[%clk 01:34:55]} {[%emt 00:00:18]} 53. Rh6 {[%clk
00:13:25]} {[%emt 00:02:11]} Kc6 {[%clk 01:34:26]} {[%emt 00:00:59]} 54. g6
{[%clk 00:11:05]} {[%emt 00:02:50]} Be8 {[%clk 01:34:34]} {[%emt 00:00:23]} 55.
g7 {[%clk 00:10:53]} {[%emt 00:00:41]} Bf7 {[%clk 01:35:00]} {[%emt 00:00:04]}
56. Rh8 {[%clk 00:04:25]} {[%emt 00:06:58]} Rg6 {[%clk 01:35:20]} {[%emt
00:00:10]} 57. Rc8+ {[%clk 00:04:34]} {[%emt 00:00:21]} Kb7 {[%clk 01:35:33]}
{[%emt 00:00:16]} 58. Rc5 {[%clk 00:04:50]} {[%emt 00:00:15]} Kb6 {[%clk
01:35:50]} {[%emt 00:00:12]} 59. Kb4 {[%clk 00:05:02]} {[%emt 00:00:19]} Rxg7
{[%clk 01:35:39]} {[%emt 00:00:41]} 60. Rxb5+ {[%clk 00:05:18]} {[%emt
00:00:14]} Kc6 {[%clk 01:35:35]} {[%emt 00:00:33]} 61. Rc5+ {[%clk 00:04:52]}
{[%emt 00:00:58]} Kd6 {[%clk 01:35:55]} {[%emt 00:00:09]} 62. Kxa4 {[%clk
00:04:37]} {[%emt 00:00:45]} Be8+ {[%clk 01:36:00]} {[%emt 00:00:25]} 63. Kb4
{[%clk 00:04:23]} {[%emt 00:00:44]} Rg2 {[%clk 01:35:57]} {[%emt 00:00:33]} 64.
a4 {[%clk 00:03:25]} {[%emt 00:01:28]} Ra2 {[%clk 01:36:12]} {[%emt 00:00:14]}
65. a5 {[%clk 00:03:30]} {[%emt 00:00:26]} Ra4+ {[%clk 01:36:22]} {[%emt
00:00:20]} 66. Kb3 {[%clk 00:03:24]} {[%emt 00:00:37]} Ra1 {[%clk 01:36:37]}
{[%emt 00:00:14]} 67. Kb2 {[%clk 00:03:25]} {[%emt 00:00:29]} Rd1 {[%clk
01:36:23]} {[%emt 00:00:44]} 68. Rc3 {[%clk 00:03:02]} {[%emt 00:00:53]} Rd3
{[%clk 01:36:09]} {[%emt 00:00:45]} 69. a6 {[%clk 00:01:59]} {[%emt 00:01:32]}
Rxc3 {[%clk 01:36:33]} {[%emt 00:00:07]} 70. Kxc3 {[%clk 00:02:23]} {[%emt
00:00:06]} Bc6 {[%clk 01:36:36]} {[%emt 00:00:26]} 71. Kb4 {[%clk 00:02:40]}
{[%emt 00:00:13]} Kc7 {[%clk 01:36:21]} {[%emt 00:00:45]} 72. Kc5 {[%clk
00:02:52]} {[%emt 00:00:18]} Ba8 {[%clk 01:36:45]} {[%emt 00:00:05]} 73. Kb5
{[%clk 00:02:28]} {[%emt 00:00:55]} Kd7 {[%clk 01:36:55]} {[%emt 00:00:20]} 74.
Kc5 {[%clk 00:01:50]} {[%emt 00:01:08]} Kc7 {[%clk 01:36:29]} {[%emt 00:00:57]}
75. Kb5 {[%clk 00:02:04]} {[%emt 00:00:16]} Bc6+ {[%clk 01:35:51]} {[%emt
00:01:08]} 76. Kc5 {[%clk 00:02:24]} {[%emt 00:00:09]} Ba4 {[%clk 01:34:25]}
{[%emt 00:01:57]} 77. Kxd5 {[%clk 00:02:14]} {[%emt 00:00:39]} Bc2 {[%clk
01:34:49]} {[%emt 00:00:06]} 78. Kc5 {[%clk 00:02:22]} {[%emt 00:00:22]} Bd3
{[%clk 01:35:04]} {[%emt 00:00:15]} 79. a7 {[%clk 00:02:26]} {[%emt 00:00:26]}
Kb7 {[%clk 01:35:31]} {[%emt 00:00:03]} 80. d5 {[%clk 00:02:27]} {[%emt
00:00:30]} Kxa7 {[%emt 00:00:07]} 81. Kc6 {[%clk 00:02:31]} {[%emt 00:00:25]}
Kb8 {[%clk 01:35:39]} {[%emt 00:00:47]} 82. d6 {[%clk 00:02:09]} {[%emt
00:00:52]} Kc8 {[%clk 01:35:57]} {[%emt 00:00:12]} 83. Kd5 {[%clk 00:02:02]}
{[%emt 00:00:36]} Kd7 {[%clk 01:36:20]} {[%emt 00:00:07]} 84. Ke5 {[%clk
00:02:22]} {[%emt 00:00:10]} Kc6 {[%clk 01:36:18]} {[%emt 00:00:33]} 85. Ke6
{[%clk 00:02:04]} {[%emt 00:00:47]} Bc4 {[%clk 01:35:59]} {[%emt 00:00:49]} 86.
Ke7 {[%clk 00:02:06]} {[%emt 00:00:28]} Be2 {[%clk 01:35:51]} {[%emt 00:00:39]}
87. d7 {[%clk 00:02:24]} {[%emt 00:00:11]} 1-0

[Event "DEM U14w 2024"]
[Site "Willingen GER"]
[Date "2024.05.25"]
[Round "9"]
[White "Czäczine, Paula"]
[Black "Kopylov, Diana"]
[Result "0-1"]
[Termination "normal"]
[Board "5"]
[WhiteElo "1808"]
[BlackElo "1887"]
[WhiteClock "00:07:48"]
[BlackClock "00:05:26"]
[PlyCount "60"]
[WhiteFideId "16249305"]
[BlackFideId "16268865"]
[EventCountry "GER"]
[EventRounds "9"]
[EventType "swiss"]
[EventDate "2024.05.18"]

1. e4 {[%clk 01:30:57]} {[%emt 00:00:02]} e6 {[%clk 01:30:55]} {[%emt
00:00:05]} 2. d4 {[%clk 01:31:23]} {[%emt 00:00:04]} d5 {[%clk 01:31:21]}
{[%emt 00:00:05]} 3. e5 {[%clk 01:31:50]} {[%emt 00:00:02]} c5 {[%clk
01:31:29]} {[%emt 00:00:22]} 4. c3 {[%clk 01:32:14]} {[%emt 00:00:06]} Qb6
{[%clk 01:31:51]} {[%emt 00:00:08]} 5. Nf3 {[%clk 01:32:34]} {[%emt 00:00:10]}
Nc6 {[%clk 01:32:14]} {[%emt 00:00:07]} 6. Be2 {[%clk 01:32:58]} {[%emt
00:00:07]} Nh6 {[%clk 01:29:49]} {[%emt 00:02:54]} 7. Bxh6 {[%clk 01:32:52]}
{[%emt 00:00:37]} Qxb2 {[%clk 01:25:43]} {[%emt 00:04:36]} 8. Bd2 {[%clk
01:30:03]} {[%emt 00:03:18]} Qxa1 {[%clk 01:20:15]} {[%emt 00:05:58]} 9. Qc2
{[%clk 01:29:28]} {[%emt 00:01:05]} cxd4 {[%clk 01:16:42]} {[%emt 00:04:02]}
10. O-O {[%clk 01:28:36]} {[%emt 00:01:22]} Bd7 {[%clk 01:11:56]} {[%emt
00:05:17]} 11. Na3 {[%clk 01:08:24]} {[%emt 00:20:42]} Qxf1+ {[%clk 01:11:44]}
{[%emt 00:00:42]} 12. Bxf1 {[%clk 01:08:28]} {[%emt 00:00:26]} Bxa3 {[%clk
01:07:23]} {[%emt 00:04:51]} 13. Nxd4 {[%clk 01:05:04]} {[%emt 00:03:55]} Bc5
{[%clk 01:01:32]} {[%emt 00:06:18]} 14. Qb2 {[%clk 00:58:57]} {[%emt 00:06:38]}
Bb6 {[%clk 00:59:02]} {[%emt 00:03:00]} 15. Nxc6 {[%clk 00:56:06]} {[%emt
00:03:22]} Bxc6 {[%clk 00:59:20]} {[%emt 00:00:12]} 16. Qb4 {[%clk 00:55:39]}
{[%emt 00:00:57]} Rc8 {[%clk 00:50:36]} {[%emt 00:09:13]} 17. a4 {[%clk
00:49:22]} {[%emt 00:06:48]} Bd8 {[%clk 00:39:51]} {[%emt 00:11:13]} 18. Bb5
{[%clk 00:48:23]} {[%emt 00:01:31]} Rc7 {[%clk 00:36:16]} {[%emt 00:04:05]} 19.
Be3 {[%clk 00:42:07]} {[%emt 00:06:46]} b6 {[%clk 00:28:45]} {[%emt 00:08:01]}
20. a5 {[%clk 00:33:01]} {[%emt 00:09:35]} bxa5 {[%clk 00:23:36]} {[%emt
00:05:39]} 21. Qa4 {[%clk 00:29:00]} {[%emt 00:04:31]} Kd7 {[%clk 00:18:05]}
{[%emt 00:06:00]} 22. Bxa7 {[%clk 00:17:09]} {[%emt 00:12:23]} Rxa7 {[%clk
00:15:12]} {[%emt 00:03:23]} 23. Bxc6+ {[%clk 00:17:29]} {[%emt 00:00:10]} Kc7
{[%clk 00:13:33]} {[%emt 00:02:09]} 24. Be8 {[%clk 00:13:50]} {[%emt 00:04:09]}
Kb8 {[%clk 00:10:50]} {[%emt 00:03:12]} 25. Qc6 {[%clk 00:10:36]} {[%emt
00:03:44]} a4 {[%clk 00:07:56]} {[%emt 00:03:24]} 26. h3 {[%clk 00:09:22]}
{[%emt 00:01:44]} a3 {[%clk 00:07:05]} {[%emt 00:01:21]} 27. Bd7 {[%clk
00:09:05]} {[%emt 00:00:48]} Bc7 {[%clk 00:06:22]} {[%emt 00:01:13]} 28. Qb5+
{[%clk 00:09:03]} {[%emt 00:00:32]} Rb7 {[%clk 00:06:05]} {[%emt 00:00:46]} 29.
Qa6 {[%clk 00:07:53]} {[%emt 00:01:40]} Bxe5 {[%clk 00:05:28]} {[%emt
00:01:08]} 30. Bc6 {[%clk 00:07:48]} {[%emt 00:00:34]} Rb1+ {[%clk 00:05:26]}
{[%emt 00:00:32]} 0-1

[Event "DEM U14w 2024"]
[Site "Willingen GER"]
[Date "2024.05.25"]
[Round "9"]
[White "Färber, Anna"]
[Black "Kutz, Ida Klara"]
[Result "0-1"]
[Termination "normal"]
[Board "6"]
[WhiteElo "1661"]
[BlackElo "1690"]
[WhiteClock "00:43:47"]
[BlackClock "00:55:34"]
[PlyCount "50"]
[WhiteFideId "34633480"]
[BlackFideId "16296257"]
[EventCountry "GER"]
[EventRounds "9"]
[EventType "swiss"]
[EventDate "2024.05.18"]

1. e4 {[%clk 01:30:57]} {[%emt 00:00:02]} g6 {[%clk 01:30:54]} {[%emt
00:00:07]} 2. d4 {[%clk 01:31:19]} {[%emt 00:00:08]} Bg7 {[%clk 01:31:14]}
{[%emt 00:00:10]} 3. Nc3 {[%clk 01:31:39]} {[%emt 00:00:10]} d6 {[%clk
01:31:33]} {[%emt 00:00:11]} 4. Be3 {[%clk 01:31:59]} {[%emt 00:00:09]} Nf6
{[%clk 01:31:52]} {[%emt 00:00:11]} 5. f3 {[%clk 01:32:20]} {[%emt 00:00:10]}
c6 {[%clk 01:32:13]} {[%emt 00:00:08]} 6. a4 {[%clk 01:32:40]} {[%emt
00:00:10]} Nbd7 {[%clk 01:30:09]} {[%emt 00:02:34]} 7. Qd2 {[%clk 01:31:16]}
{[%emt 00:01:53]} Qc7 {[%clk 01:28:56]} {[%emt 00:01:43]} 8. Nge2 {[%clk
01:29:03]} {[%emt 00:02:44]} Rb8 {[%clk 01:26:40]} {[%emt 00:02:47]} 9. Nc1
{[%clk 01:20:59]} {[%emt 00:08:32]} a6 {[%clk 01:24:43]} {[%emt 00:02:28]} 10.
a5 {[%clk 01:19:49]} {[%emt 00:01:40]} b5 {[%clk 01:23:32]} {[%emt 00:01:42]}
11. axb6 {[%clk 01:19:10]} {[%emt 00:01:09]} Nxb6 {[%clk 01:23:48]} {[%emt
00:00:14]} 12. Nb3 {[%clk 01:16:35]} {[%emt 00:03:04]} Be6 {[%clk 01:12:30]}
{[%emt 00:11:48]} 13. Rxa6 {[%clk 01:10:41]} {[%emt 00:06:24]} Bc4 {[%clk
01:09:24]} {[%emt 00:03:36]} 14. Bxc4 {[%clk 01:06:13]} {[%emt 00:04:59]} Nxc4
{[%clk 01:09:47]} {[%emt 00:00:07]} 15. Qc1 {[%clk 01:05:46]} {[%emt 00:00:56]}
Nxe3 {[%clk 01:09:10]} {[%emt 00:01:08]} 16. Qxe3 {[%clk 01:06:06]} {[%emt
00:00:10]} O-O {[%clk 01:06:17]} {[%emt 00:03:20]} 17. O-O {[%clk 01:04:19]}
{[%emt 00:02:20]} Nd7 {[%clk 01:02:48]} {[%emt 00:03:57]} 18. Rfa1 {[%clk
00:54:30]} {[%emt 00:10:20]} e6 {[%clk 00:57:12]} {[%emt 00:06:07]} 19. R6a5
{[%clk 00:48:33]} {[%emt 00:06:26]} c5 {[%clk 00:54:27]} {[%emt 00:03:16]} 20.
dxc5 {[%clk 00:47:46]} {[%emt 00:01:16]} dxc5 {[%clk 00:54:38]} {[%emt
00:00:19]} 21. Nxc5 {[%clk 00:46:26]} {[%emt 00:01:50]} Rxb2 {[%clk 00:54:14]}
{[%emt 00:00:55]} 22. Ra7 {[%clk 00:44:10]} {[%emt 00:02:45]} Qxc5 {[%clk
00:54:36]} {[%emt 00:00:40]} 23. Qxc5 {[%clk 00:44:05]} {[%emt 00:01:04]} Nxc5
{[%clk 00:54:59]} {[%emt 00:00:06]} 24. Ne2 {[%clk 00:43:42]} {[%emt 00:00:53]}
Rxc2 {[%clk 00:55:11]} {[%emt 00:00:18]} 25. Kf1 {[%clk 00:43:47]} {[%emt
00:00:25]} Bxa1 {[%clk 00:55:34]} {[%emt 00:00:08]} 0-1